000 01038cam a22003137a 4500
003 CHAP
005 20220817043840.0
008 020808d2001 pe abd r 00110 eng d
010 _a86053
011 _a87025
020 _a16809270
035 _a97566
040 _cCHAP
082 0 4 _a635.21
_bC63
110 2 _aCentro Internacional de la Papa
245 1 0 _aScientist and farmer:
_bpartners in research for the 21st century
_c/by International Potato Center
260 _aLima, Perú :
_bInternational Potato Center,
_c2001
300 _a480 p. :
_bilus. ; gráfs. ; mapas ; tablas ; diagramas
590 _aBATCH-UPD
_b10
_c20130110
_lUCH01
_h1748
590 _aBATCH-UPD
_b10
_c20130410
_lUCH01
_h1126
590 _aBATCH-UPD
_b10
_c20130914
_lUCH01
_h0824
590 _aCONVERSION
_b10
_c20130109
_lUCH01
_h1348
650 1 4 _aCamote.
_917883
650 1 4 _aPapa
_xInvestigación.
_985254
901 _aBK
905 _aMarco A. Mendoza T.
942 _cLIBRO
949 _a635.21 C63
_bBC
_cLIBRO
_d33724000870093
_eLIBRO
_h102943
_i97566
_si
999 _c86053
_d86053